এ. কে. নাজমুল করিম স্মারক গ্রন্থ / (Record no. 28644)

MARC details
000 -LEADER
fixed length control field 01176nam a22001817a 4500
003 - CONTROL NUMBER IDENTIFIER
control field BDDh-ASL
005 - DATE AND TIME OF LATEST TRANSACTION
control field 20231015030943.0
008 - FIXED-LENGTH DATA ELEMENTS--GENERAL INFORMATION
fixed length control field 220427s1984 b ||||| |||| 00| 0 b d
040 ## - CATALOGING SOURCE
Transcribing agency BDDh-ASL
082 ## - DEWEY DECIMAL CLASSIFICATION NUMBER
Classification number 928
Item number AKM
245 00 - TITLE STATEMENT
Title এ. কে. নাজমুল করিম স্মারক গ্রন্থ /
246 ## - VARYING FORM OF TITLE
Title proper/short title A. K. M. Nazmul Karim Smarakgrantha.
260 ## - PUBLICATION, DISTRIBUTION, ETC.
Place of publication, distribution, etc. ঢাকা:
Name of publisher, distributor, etc. সমাজবিজ্ঞান বিভাগ, ঢাকা বিশ্ববিদ্যালয়,
Date of publication, distribution, etc. ১৯৮৪।
300 ## - PHYSICAL DESCRIPTION
Extent ৩২৯ পৃষ্ঠা;
Dimensions ২৫ সে.মি.
650 #0 - SUBJECT ADDED ENTRY--TOPICAL TERM
Topical term or geographic name entry element Commemoration Volume (স্মারকগ্রন্থ), Memoirs, স্মারকগ্রন্থ, Smārakagrantha, Souvenir, স্মরণিক, স্মারকগ্রন্থ, স্মৃতিকথা, Smr̥tikathā, Memoirs, Reminiscences, স্মরণিকা, Smaraṇikā, Souvenir, স্যুভেনির, অভিজ্ঞান, Syubhēnira, so͞ovəˈnir, memorial, souvenir, remembrancer
9 (RLIN) 4668
700 1# - ADDED ENTRY--PERSONAL NAME
9 (RLIN) 6146
Personal name আফসারউদ্দিন, মুহাম্মদ
Titles and other words associated with a name অধ্যাপক
942 ## - ADDED ENTRY ELEMENTS (KOHA)
Source of classification or shelving scheme Dewey Decimal Classification
Koha item type Books
Holdings
Withdrawn status Lost status Source of classification or shelving scheme Damaged status Not for loan Collection code Home library Current library Shelving location Date acquired Source of acquisition Total Checkouts Full call number Barcode Date last seen Copy number Price effective from Koha item type Public note
    Dewey Decimal Classification   Not For Loan Non-fiction Asiatic Society Library Asiatic Society Library Sirajul Islam Collection 04/27/2022 Donated by Prof. Sirajul Islam FRHS   928 AKM 116646 04/27/2022 C-1 04/27/2022 Books RARE

Powered by Koha